• 首页
  • 本馆介绍
  • 公告通知
  • 最新文献
  • 馆藏检索
  • 电子资源
  • 读者导购
  • 参考咨询
  • 我的图书馆
  • 登录
  • 详细信息显示
  • 放入我的书架
  • 预约/预借图书
  • 作者相关作品
  • 分类相关作品
  • 丛书相关作品
  • 出版社相关作品

书目信息

  • 表格格式
  • 工作单格式
  • 卡片格式
题名:
新编柑橘病虫害诊断与防治图鉴
    
 
作者: 蔡明段 , 彭成绩 编著
分册:  
出版信息: 广州   广东科技出版社  2020.01
页数: 362页
开本: 29cm
丛书名:
单 册:
中图分类: S436.66-64
科图分类:
主题词: 柑桔类--gan ju lei--病虫害防治--图集
电子资源:
ISBN: 978-7-5359-7259-0
000 00927nam0 2200241 450
001 0109110145
005 20201109110337.0
010    @a978-7-5359-7259-0@b精装@dCNY398.00
100    @a20200526d2020 em y0chiy50 ea
101 0  @achi
102    @aCN@b440000
105    @aa z 000yy
106    @ar
200 1  @a新编柑橘病虫害诊断与防治图鉴@Axin bian gan ju bing chong hai zhen duan yu fang zhi tu jian@f蔡明段, 彭成绩编著
210    @a广州@c广东科技出版社@d2020.01
215    @a362页@d29cm
330    @a本书为作者长期从事柑橘病虫害防治的成果和经验总结,全面系统介绍了为害柑橘的60余种病害的发生症状、病原、发生规律及防治措施,以及140余种虫害的为害症状、形态特征、生活习性和防治方法。
606 0  @a柑桔类@Agan ju lei@x病虫害防治@j图集
690    @aS436.66-64@v5
701  0 @a蔡明段@Acai ming duan@4编著
701  0 @a彭成绩@Apeng cheng ji@4编著
801  0 @aCN@bBJSZM@c20201103
905    @b1213777-8@dS436.66-64@e205@f2
    
    新编柑橘病虫害诊断与防治图鉴/蔡明段, 彭成绩编著.-广州:广东科技出版社,2020.01
    362页;29cm
    
    
    ISBN 978-7-5359-7259-0(精装):CNY398.00
    本书为作者长期从事柑橘病虫害防治的成果和经验总结,全面系统介绍了为害柑橘的60余种病害的发生症状、病原、发生规律及防治措施,以及140余种虫害的为害症状、形态特征、生活习性和防治方法。
●
相关链接 在E读中查询图书 在五车中查询图书 在当当中查询图书 在豆瓣中查询图书


正题名:新编柑橘病虫害诊断与防治图鉴     索取号:S436.66-64/205         预约/预借

序号 登录号 条形码 馆藏地/架位号 状态 备注
1 1213777   212137775   第二样本阅览室/ [索取号:S436.66-64/205] 在馆    
2 1213778   212137784   第三借阅区/ [索取号:S436.66-64/205] 在馆    
唐山师范学院图书馆 欢迎您!
大连网信软件有限公司© 版权所有